<?xml version="1.0" encoding="UTF-8"?>
<record
    xmlns:xsi="http://www.w3.org/2001/XMLSchema-instance"
    xsi:schemaLocation="http://www.loc.gov/MARC21/slim http://www.loc.gov/standards/marcxml/schema/MARC21slim.xsd"
    xmlns="http://www.loc.gov/MARC21/slim">

  <leader>01216nab a2200193   4500</leader>
  <controlfield tag="003">AR-RoBPED</controlfield>
  <controlfield tag="005">20260407120317.0</controlfield>
  <controlfield tag="008">260407b        |||||||| |||| 00| 0 spa d</controlfield>
  <datafield tag="040" ind1=" " ind2=" ">
    <subfield code="a">AR-RoBPED</subfield>
  </datafield>
  <datafield tag="041" ind1=" " ind2=" ">
    <subfield code="a">spa</subfield>
  </datafield>
  <datafield tag="100" ind1="1" ind2=" ">
    <subfield code="a">Villalba, Mar&#xED;a Marta</subfield>
    <subfield code="9">23313</subfield>
    <subfield code="e">Licenciada en Psicolog&#xED;a y magister en Educaci&#xF3;n</subfield>
  </datafield>
  <datafield tag="245" ind1="1" ind2=" ">
    <subfield code="a">Trayectorias escolares y ni&#xF1;ez institucionalizada :</subfield>
    <subfield code="b">cuando a la escuela llega lo que no se espera /</subfield>
  </datafield>
  <datafield tag="260" ind1=" " ind2=" ">
    <subfield code="a">Buenos Aires :</subfield>
    <subfield code="b">Noveduc,</subfield>
    <subfield code="c">2025</subfield>
  </datafield>
  <datafield tag="300" ind1=" " ind2=" ">
    <subfield code="a">30-35 p.</subfield>
  </datafield>
  <datafield tag="500" ind1=" " ind2=" ">
    <subfield code="a">La escolarizaci&#xF3;n de ni&#xF1;as y ni&#xF1;os alojados en las llamadas instituciones de protecci&#xF3;n de derechos es un tema poco trabajado en la investigaci&#xF3;n educativa y, sin embargo, visibiliza tensiones propias de la vida escolar. Pareciera ser que la instituci&#xF3;n escuela, con su formato tradicional en tiempos, espacios, gradualidades, propuestas y discursos, no espera recibir en sus aulas a ni&#xF1;as y ni&#xF1;as sin familias, que se encuentran transitoriamente al cuidado de otras instituciones. </subfield>
  </datafield>
  <datafield tag="773" ind1="0" ind2=" ">
    <subfield code="0">20414</subfield>
    <subfield code="9">41867</subfield>
    <subfield code="d">Buenos Aires :  Noveduc,  1993-</subfield>
    <subfield code="t">Novedades Educativas</subfield>
    <subfield code="w">(AR-RoBPED)20414</subfield>
    <subfield code="x">03283534</subfield>
  </datafield>
  <datafield tag="942" ind1=" " ind2=" ">
    <subfield code="2">udc</subfield>
    <subfield code="c">REV</subfield>
    <subfield code="h">37(05)</subfield>
    <subfield code="m">Nov 86 N&#xB0; 400 (Febr.2025)</subfield>
    <subfield code="a">k.32511</subfield>
  </datafield>
  <datafield tag="945" ind1=" " ind2=" ">
    <subfield code="a">mar 04/2026</subfield>
  </datafield>
  <datafield tag="999" ind1=" " ind2=" ">
    <subfield code="c">32511</subfield>
    <subfield code="d">32511</subfield>
  </datafield>
</record>
